000 00444nam a2200181Ia 4500
001 10543
005 20260306161840.0
008 260306t2004||||xx |||||||||||||| ||spa||
041 _aESP
082 _a940.21
_bF29
100 _aFavier, Jean
_eAUT
245 0 _aLos grandes descubrimientos de Alejandro a Magallanes
260 _c2004
300 _a480 páginas :
_c23 cm.
650 _aGEN
654 _aCHU
942 _cLIB
_dJUS
_fJUS
_2ddc
_n
999 _c10543
_d10543